Efekt prebunkingu a debunkingu v boji proti dezinformáciám diplomová práca

Saved in:
Bibliographic Details
Main Author: Galdunová, Ľudmila
Corporate Author: Národohospodárska fakulta EU. Katedra poisťovníctva
Other Authors: Lorko, Matej, 1987-
Format: Book
Language:Slovak
Published: Bratislava 2024
Tags: Add Tag
No Tags, Be the first to tag this record!

MARC

LEADER 00000nbm a2200000 4500
001 0309137
005 20251021111146.4
041 0 |a slo 
044 |a SK 
245 1 0 |a Efekt prebunkingu a debunkingu v boji proti dezinformáciám  |b diplomová práca  |c Ľudmila Galdunová ; školiteľ: Matej Lorko 
264 1 |a Bratislava  |c 2024 
300 |a 61 s. 
100 1 |a Galdunová, Ľudmila 
700 1 |a Lorko, Matej, 1987- 
710 2 |a Národohospodárska fakulta EU. Katedra poisťovníctva